000 00771nam a2200253 i 4500
001 C2-0217591
003 PPAK
005 20180728110103.0
008 990630s1997 my a|||| ||||| | may d
020 _a983098091X ; 9789830980911
040 _aPPAK
_beng
_cPPAK
_erda
082 0 4 _a615.882
_2 23
090 0 0 _a615.882
_bABD
_dG
100 0 _aAbdul Halim Bashah,
_d1951-
_eauthor
245 1 0 _aRahsia lebah
264 1 _aBatu Caves, Selangor :
_bPustaka Ilmi ,
_c1997
300 _ax, 165 pages :
_bcolour photographs ;
_c22 cm
336 _2rdacontent
_atext
337 _2rdamedia
_aunmediated
338 _2rdacarrier
_avolume
500 _aIncludes bibliographical references pages 163-165 and index.
650 1 0 _aHoney - Health aspects.
942 _ddc
_cB
999 _c160762
_d160762